Структура и свойства ультрамелкозернистых сталей с ионно-плазменными покрытиями

Chi tiết về thư mục
Tác giả khác: Исламгалиев Р. К. Ринат Кадыханович, Рамазанов К. Н. Камиль Нуруллаевич, Караваева М. В. Марина Владимировна, Ганеев А. В. Артур Вилевич, Никитина М. А. Марина Александровна
Tóm tắt:Авт. указаны на обороте тит. л.
Представлены результаты исследований структуры и свойств ультромелкозернистых сталей и ионно-плазменных покрытий, используемых для изготовления лопаток компрессора стационарных газотурбинных установок. Приведены особенности ультромелкозернистой структуры сталей 12Х18Н110Т и ЭИ-961Ш, подвергнутых интенсивной пластической деформации. Рассмотрена специфика нанесения наноструктурированных ионно-плазменных покрытий на основе интерметаллидов TiAl на поверхность УМЗ сталей. Исследуются прочностные, эрозионные и коррозионные свойства УМЗ лопаток с нанесенными на них ионно-плазменными покрытиями.
Ngôn ngữ:Tiếng Nga
Được phát hành: Москва, Инновационное машиностроение, 2017
Những chủ đề:
Định dạng: MixedMaterials Sách
KOHA link:https://koha.lib.tpu.ru/cgi-bin/koha/opac-detail.pl?biblionumber=343059

MARC

LEADER 00000nam0a2200000 4500
001 343059
005 20231101034009.0
010 |a 9785604004258 
035 |a (RuTPU)RU\TPU\book\372810 
090 |a 343059 
100 |a 20190619d2017 k y0rusy50 ca 
101 0 |a rus 
102 |a RU 
105 |a a z 001zy 
200 1 |a Структура и свойства ультрамелкозернистых сталей с ионно-плазменными покрытиями  |f Р. К. Исламгалиев [и др.] 
210 |a Москва  |c Инновационное машиностроение  |d 2017 
215 |a 225 с.  |c ил. 
300 |a Авт. указаны на обороте тит. л. 
320 |a Библиогр.: с. 213-224 
330 |a Представлены результаты исследований структуры и свойств ультромелкозернистых сталей и ионно-плазменных покрытий, используемых для изготовления лопаток компрессора стационарных газотурбинных установок. Приведены особенности ультромелкозернистой структуры сталей 12Х18Н110Т и ЭИ-961Ш, подвергнутых интенсивной пластической деформации. Рассмотрена специфика нанесения наноструктурированных ионно-плазменных покрытий на основе интерметаллидов TiAl на поверхность УМЗ сталей. Исследуются прочностные, эрозионные и коррозионные свойства УМЗ лопаток с нанесенными на них ионно-плазменными покрытиями. 
606 1 |a Сталь  |x Структура  |2 stltpush  |3 (RuTPU)RU\TPU\subj\56337 
610 1 |a ультрамелкозернистая сталь 
610 1 |a свойства 
610 1 |a ионно-плазменные покрытия 
610 1 |a нанесение 
610 1 |a прочность 
610 1 |a коррозионные свойства 
610 1 |a эрозионные свойства 
610 1 |a адгезионные свойства 
675 |a 669.14:620.1  |v 4 
701 1 |a Исламгалиев  |b Р. К.  |g Ринат Кадыханович 
701 1 |a Рамазанов  |b К. Н.  |g Камиль Нуруллаевич 
701 1 |a Караваева  |b М. В.  |g Марина Владимировна 
701 1 |a Ганеев  |b А. В.  |g Артур Вилевич 
701 1 |a Никитина  |b М. А.  |g Марина Александровна 
801 1 |a RU  |b 63413507  |c 20190619 
801 2 |a RU  |b 63413507  |c 20190829  |g RCR 
942 |c BK 
959 |a 7/20190619  |d 1  |e 960,00  |f ЧЗТЛ:1